书目信息 |
| 题名: |
带自己回家
|
|
| 作者: | 梭罗 著 ;付瑞娟 译 | |
| 分册: | ||
| 出版信息: | 南京 江苏凤凰文艺出版社 2015 |
|
| 页数: | 342页 | |
| 开本: | 22cm | |
| 丛书名: | ||
| 单 册: | ||
| 中图分类: | I712.64 | |
| 科图分类: | ||
| 主题词: | 散文集--美国--近代 | |
| 电子资源: | ||
| ISBN: | 978-7-5399-8748-4 | |
| 000 | 01469nam0 2200301 450 | |
| 001 | 012001000274 | |
| 005 | 20140920091301.0 | |
| 010 | @a978-7-5399-8748-4@b精装@dCNY37.80 | |
| 100 | @a20160109d2015 em y0chiy50 ea | |
| 101 | 1 | @achi@ceng |
| 102 | @aCN@b320000 | |
| 105 | @ay z 000cy | |
| 106 | @ar | |
| 200 | 1 | @a带自己回家@9Dai Zi Ji Hui Jia@dWalking & the maine woods & cape cod@e让疲惫的心灵重获新生@zeng@f(美)梭罗著@g付瑞娟[等]译 |
| 210 | @a南京@c江苏凤凰文艺出版社@d2015 | |
| 215 | @a342页@d22cm | |
| 300 | @a大师梭罗留给城市人的“心灵隐居指南”Ⅲ | |
| 304 | @a译者还有:赵世芸、吴超、孙其宁 | |
| 314 | @a梭罗(1817-1862),极具世界影响力的美国思想家,美国精神和传统的奠基者之一,十九世纪中期病美国文坛的代表人物,其作品《瓦尔登湖》是美国文学,也是世界文学的经典。1845年7月4日,28岁的梭罗独自一人来到距离康科德两英里的瓦尔登湖畔,建造了一个小木屋住了下来。 | |
| 330 | @a本书既描写了科德角海岸上海风的轻唱,也描写了缅因森林中白松的低吟,那份简单,那份质朴,让读者轻易便能够跟随着梭罗的文字那远离喧嚣与浮躁的步调,体验一次次心灵的漫步,沐浴生命那温暖的光亮。 | |
| 510 | 1 | @aWalking & the maine woods & cape cod@zeng |
| 517 | 1 | @a让疲惫的心灵重获新生@9Rang Pi Bei De Xin Ling Chong Huo Xin Sheng |
| 606 | 0 | @a散文集@y美国@z近代 |
| 690 | @aI712.64@v5 | |
| 701 | 0 | @c(美)@a梭罗@9Suo Luo@c(Thoreau, Henry David@f1817-1862)@4著 |
| 702 | 0 | @a付瑞娟@9Fu Rui Juan@4译 |
| 801 | 0 | @aCN@b上海新华@c20180901 |
| 905 | @b1041358-62@dI712.64@e1121@f5 | |
| 带自己回家=Walking & the maine woods & cape cod:让疲惫的心灵重获新生/(美)梭罗著/付瑞娟[等]译.-南京:江苏凤凰文艺出版社,2015 |
| 342页;22cm |
| 大师梭罗留给城市人的“心灵隐居指南”Ⅲ |
| ISBN 978-7-5399-8748-4(精装):CNY37.80 |
| 本书既描写了科德角海岸上海风的轻唱,也描写了缅因森林中白松的低吟,那份简单,那份质朴,让读者轻易便能够跟随着梭罗的文字那远离喧嚣与浮躁的步调,体验一次次心灵的漫步,沐浴生命那温暖的光亮。 |
| ● |
| 相关链接 |
|
|
|
|
正题名:带自己回家
索取号:I712.64/1121
 
预约/预借
| 序号 | 登录号 | 条形码 | 馆藏地/架位号 | 状态 | 备注 |
| 1 | 1041358 | 210413587 | 第二借阅区/ [索取号:I712.64/1121] |
已借出,限还日期为2026.05.11 借出人:任子依 |
|
| 2 | 1041359 | 210413596 | 第二借阅区/ [索取号:I712.64/1121] | 在馆 | |
| 3 | 1041360 | 210413603 | 第二借阅区/ [索取号:I712.64/1121] | 在馆 | |
| 4 | 1041361 | 210413612 | 密集书库-文学院/ [索取号:I712.64/1121] | 在馆 | |
| 5 | 1041362 | 210413621 | 第一样本阅览室/ [索取号:I712.64/1121] | 在馆 |